Brazil Squad WC2026 - Statistics

General Stats
  • This quiz has been taken 8 times
  • The average score is 16 of 26
Answer Stats
Position Club Player % Correct
Goalkeeper Liverpool Alisson
100%
Midfield Manchester United Casemiro
100%
Goalkeeper Fenerbahce Ederson
100%
Attack Real Madrid Vinicius Jr
100%
Defender Arsenal Gabriel Magalhaes
83%
Attack Arsenal Gabriel Martinelli
83%
Attack Brentford Igor Thiago
83%
Defender PSG Marquinhos
83%
Attack Santos Neymar
83%
Attack Barcelona Raphinha
83%
Midfield Newcastle United Bruno Guimaraes
67%
Attack Olympique Lyonnais Endrick
67%
Attack Manchester United Matheus Cunha
67%
Attack Bournemouth Rayan
67%
Defender Juventus Bremer
50%
Defender Flamengo Danilo
50%
Midfield Botafogo Danilo
50%
Midfield Flamengo Lucas Paqueta
50%
Attack Zenit Luiz Henrique
50%
Defender AS Roma Wesley
50%
Goalkeeper Gremio Weverton
50%
Defender Flamengo Alex Sandro
33%
Defender Zenit Douglas Santos
33%
Midfield Al Ittihad Fabinho
33%
Defender Al Ahli Roger Ibanez
17%
Defender Flamengo Léo Pereira
0%
No matching quizzes found
Score Distribution
Percent of People with Each Score
Percentile by Number Answered
Your Score History
You have not taken this quiz